00856 2200229 4500001002100000005001700021008004100038035002400079041000800103043002100111082000800132090001900140110005400159245025500213260005900468300002400527650001800551850001200569999001500581999001500596999001500611YOGYA-0209000004339620090227030017.0 ind  0010-020900000043396 aInd aYOPDYOG [TRM 29] a352 aYOG 352bYog K aYOGYAKARTA. (Daerah Istimewa). Keputusan Gubernur aKeputusan Gubernur Kepala Daerah Istimewa Yogyakarta nomor 307/KPTS/1995 tentang jam belajar masyarakat dan keputusan Kepala Dinas P dan K Prop. DIY nomor : 119/KPTS/PK/1996 tentang petunjuk teknis pelaksanaan keputusan Gubernur nomor : 307/KPTS/1995 aYogyakartabDinas Pendidikan dan Kebudayaanc1995/1996 a54 hlmbilusc20 cm aKepala Daerah aYOPDYOG a07A0024280 a07A0024279 a07A0024278